[Event "77th ch-BUL 2013"]
[Site "Bankya BUL"]
[Date "2013.04.20"]
[Round "5.6"]
[White "Janev,T"]
[Black "Kozhuharov,S"]
[Result "1/2-1/2"]
[WhiteElo "2412"]
[BlackElo "2467"]

1.Nf3 d5 2.g3 g6 3.Bg2 Bg7 4.O-O e5 5.d3 Ne7 6.c4 O-O 7.cxd5 Nxd5 8.Bg5 f6
9.Bd2 Be6 10.Nc3 Nxc3 11.Bxc3 c5 12.a3 Nc6 13.b4 c4 14.dxc4 Qxd1 15.Rfxd1 Bxc4
16.Rd7 Rf7 17.Rxf7 Kxf7 18.Nd2 Bxe2 19.Ne4 Bf8 20.f4 Be7 21.Ra2 Bc4 22.Rf2 Rd8
23.Nd2 Bd5 24.fxe5 f5 25.g4 Bh4 26.Rf1 Nd4 27.Bxd5+ Rxd5 28.Nf3 Ne2+ 29.Kg2 Nxc3
30.Nxh4 Rxe5 31.gxf5 g5 32.Nf3 Re2+ 33.Rf2 Rxf2+ 34.Kxf2 Kf6 35.Nd4 a6 36.Ke3 Nb5
37.Ne6 Nxa3 38.Ke4 Nb5 39.Nc5 Nd6+ 40.Kd5 Nxf5 41.Nxb7 Ne3+ 42.Kd4 Nc2+ 43.Kc3 Na3
44.Nc5 Nb5+ 45.Kd3 Nc7 46.Ke4 h5 47.h3 Kg6 48.Nd7 h4 49.Nc5 Kh5 50.Kf3 Kg6
51.Ke4 Kf6 52.Nd7+ Kg6 53.Nc5 Kh5 54.Kf3  1/2-1/2

[Event "TCh-AUT 2 Mitte 2012-13"]
[Site "Fuerstenfeld AUT"]
[Date "2013.04.20"]
[Round "10.3"]
[White "Schachinger,M"]
[Black "Singer,C"]
[Result "1-0"]
[WhiteElo "2426"]
[BlackElo "2325"]

1.Nf3 d5 2.g3 Bg4 3.Bg2 Nd7 4.d3 c6 5.O-O Ngf6 6.c4 e6 7.cxd5 exd5 8.Nc3 Be7
9.h3 Bxf3 10.Bxf3 d4 11.Ne4 Nxe4 12.Bxe4 a5 13.Bd2 Qb6 14.Qc2 O-O 15.Rab1 Bb4
16.Bf4 Rfe8 17.a3 Bf8 18.b4 axb4 19.axb4 Qb5 20.Qb2 Nf6 21.Bf3 Rad8 22.Rfc1 h6
23.Rc4 Qb6 24.Ra1 Rd7 25.Ra2 Kh7 26.Qa3 Nd5 27.Bd2 Nc7 28.Qa5 Qb5 29.Bf4 Na6
30.Bxc6 bxc6 31.Qxa6 Qxa6 32.Rxa6 Rxe2 33.Raxc6 g5 34.Kf1 Rb2 35.Be5 Rxb4
36.Rc7 Rxc7 37.Rxc7 Kg6 38.Rc6+ Kf5 39.Bh8 Be7 40.g4+ Kf4 41.Rc7 Rb3 42.Rxe7 Rxd3
43.Rxf7+ Ke4 44.Kg2 Kd5  1-0

[Event "TCh-AUT 2 Mitte 2012-13"]
[Site "Fuerstenfeld AUT"]
[Date "2013.04.20"]
[Round "10.3"]
[White "Supancic,D"]
[Black "Sandhoefner,F"]
[Result "1-0"]
[WhiteElo "2370"]
[BlackElo "2221"]

1.Nf3 d5 2.g3 Nf6 3.Bg2 c6 4.O-O Bg4 5.d3 Nbd7 6.Nbd2 e5 7.e4 dxe4 8.dxe4 Bc5
9.h3 Bh5 10.Qe1 O-O 11.Nb3 Bb6 12.a4 a5 13.Nfd2 Nc5 14.Nxc5 Bxc5 15.Nc4 Qc7
16.Kh1 Nd7 17.Bd2 b6 18.f4 f6 19.f5 Bf7 20.Ne3 Rfd8 21.g4 Be7 22.Qg3 Nf8
23.Bc1 h6 24.h4 Nh7 25.Bf3 Rd7 26.Rg1 Rad8 27.Be2 Rd4 28.Qf3 Kh8 29.c3 R4d7
30.Nc4 Bc5 31.Rf1 Be7 32.Be3 c5 33.Kh2 Qc6 34.Rg1 Bg8 35.Rg3 Bf7 36.b3 Rd3
37.Bxd3 Rxd3 38.Rc1 Bxc4 39.bxc4 Qxa4 40.Qe2 Rd6 41.Rgg1 Qb3 42.Rgd1 Rxd1
43.Rxd1 Qxc3 44.Rb1 Bd8 45.Qd2 Qxd2+ 46.Bxd2 Nf8 47.Kg3 Kg8 48.Kf3 Kf7 49.Rg1 Nh7
50.Rd1 Ke8 51.Ke2 Nf8 52.Be3 Be7 53.Bc1 Nd7 54.Rg1 Nb8 55.g5 hxg5 56.hxg5 Nc6
57.gxf6 gxf6 58.Rg8+ Kd7 59.Bd2 Nd4+ 60.Kd3 Bd8 61.Bh6 a4 62.Be3 a3 63.Bc1 a2
64.Bb2 b5 65.cxb5 Nxb5 66.Kc4 Nd6+ 67.Kd5 c4 68.Rg2 Bb6 69.Ba1 Bd4 70.Rxa2 c3
71.Bxc3  1-0

[Event "13th BCC Open 2013"]
[Site "Pattaya THA"]
[Date "2013.04.20"]
[Round "8.2"]
[White "Short,N"]
[Black "Zhao Zong Yuan"]
[Result "0-1"]
[WhiteElo "2697"]
[BlackElo "2537"]

1.Nf3 d5 2.g3 Nf6 3.Bg2 c6 4.d3 Bg4 5.Nbd2 Nbd7 6.h3 Bh5 7.g4 Bg6 8.Nh4 e5
9.e3 Bd6 10.Qe2 O-O 11.Nxg6 fxg6 12.h4 Qe7 13.g5 Nh5 14.c4 e4 15.dxe4 d4
16.exd4 Nf4 17.Qf1 c5 18.d5 Ne5 19.Kd1 b5 20.cxb5 c4 21.f3 Rac8 22.Bh3 Rc7
23.Nb1 Nfd3 24.Be6+ Kh8 25.Rh3 Bc5 26.Nc3 Nf2+ 27.Ke2 Nxh3 28.Qxh3 Rxf3 29.Qxf3 Nxf3
30.Kxf3 Qf8+ 31.Bf4 Bd6 32.Ne2 c3 33.bxc3 Bxf4 34.Nxf4 Rxc3+ 35.Kg4 Qa3 36.Rg1 Re3
37.e5 Rxe5 38.Rg3 Qb4 39.Rb3 Qc4 40.Kg3 Qc5 41.Rf3 Re1 42.Kh3 Re3 43.Rxe3 Qxe3+
44.Kg4 h5+ 45.gxh6 gxh6 46.Nxg6+ Kg7 47.Ne7 h5+ 48.Kf5 Qf3+ 49.Ke5 Qg3+ 50.Kf5 Qxh4
51.Nc6 Qa4 52.Ke5 Qxb5 53.Kd6 h4 54.Kc7 Qb6+ 55.Kc8 Kf6 56.a4 a5 57.Kd7 Qe3
58.Kc7 Qg3+ 59.Kb6 h3 60.Bxh3 Qxh3 61.Kxa5 Qb3 62.d6 Qc3+ 63.Kb6 Ke6 64.Nd8+ Kd7
65.Nb7  0-1

[Event "ch-POL w 2013"]
[Site "Chorzow POL"]
[Date "2013.04.21"]
[Round "9.3"]
[White "Przezdziecka,M"]
[Black "Zawadzka,J"]
[Result "1/2-1/2"]
[WhiteElo "2286"]
[BlackElo "2376"]

1.Nf3 d5 2.g3 c6 3.c4 Bg4 4.Bg2 e6 5.O-O Nf6 6.b3 Nbd7 7.Bb2 Be7 8.d3 O-O
9.Nbd2 a5 10.a3 Qc7 11.Qc2 Rac8 12.Rac1 Rfe8 13.Rfe1 Qb8 14.e4 dxe4 15.dxe4 e5
16.Qc3 Qa7 17.b4 b6 18.Qb3 Rcd8 19.Nf1 Qc7 20.Ne3 Bxf3 21.Bxf3 Nf8 22.Bg2 Ne6
23.Nd5 cxd5 24.cxd5 Nc5 25.bxc5 Bxc5 26.h3 Qd6 27.Bf1 Re7 28.Kg2 Ne8 29.Rc2 Rc7
30.Rec1 Qe7 31.a4 Nd6 32.Bd3 Rdc8 33.Qc3 f6 34.Qb3 Kh8 35.Rc3 Qd7 36.Qc2 Nf7
37.Ba6 Rd8 38.Bb5 Qc8 39.Be2 Qb7 40.Ba3 Nd6 41.Bxc5 Rxc5 42.Rxc5 bxc5 43.Qxc5 Nxe4
44.Qxa5 Ra8 45.Rb1 Qc8 46.Qb4 f5 47.d6 h6 48.Rd1 Qd7 49.Bf3 Ra6 50.Bxe4 fxe4
51.Qb5 Qf7 52.Qe2 Ra7 53.Qxe4 Qe6 54.Qd5 Qd7 55.a5 e4 56.Qxe4 Rxa5 57.Rd2 Ra1
58.Qd5 Re1 59.Rb2 Re8 60.Rb7 Qd8 61.d7 Rf8 62.h4 Qf6 63.Qd2 Qf3+ 64.Kh2 Qxb7
65.d8=Q Rxd8 66.Qxd8+ Kh7 67.Qd3+ Kh8 68.Qd4 Qf3 69.Qe3 Qf7 70.Kg2 h5 71.Qf3 Qe8
72.Qd5 Qe2 73.Qa8+ Kh7 74.Qf3 Qe5 75.g4 hxg4 76.Qxg4 g6 77.Qg5 Qe4+ 78.Kg3 Qe1
79.Kg2 Qe4+ 80.Kh2 Qe2 81.Qf4 Qc2 82.Kg2 Qc6+ 83.Qf3 Qe8 84.Kg3 Qe5+ 85.Qf4 Qe1
86.Qf7+ Kh6 87.Qf4+ Kh7 88.Kg2 Qe2 89.Qf3 Qe5 90.Qd3 Qe6 91.Qd4 Qc6+ 92.Kg3 Qc7+
93.Kg4 Qf7 94.Qf4 Qd7+ 95.Kg3 Qd5 96.Qc7+ Kh6 97.Qc1+ Kh7 98.f3 Qe5+ 99.f4 Qe2
100.Qc3 Qf1 101.Qf6 Qd3+ 102.Kg2 Qe2+ 103.Kg3 Qe3+ 104.Kg2 Qe2+  1/2-1/2

[Event "Zonal 2.5 2013"]
[Site "Montevideo URU"]
[Date "2013.04.21"]
[Round "4.20"]
[White "Izquierdo,S"]
[Black "Campiglia,Guido"]
[Result "1-0"]
[WhiteElo "2035"]
[BlackElo "1871"]

1.Nf3 d5 2.g3 Nf6 3.d4 c6 4.Bg2 Bf5 5.O-O h6 6.c4 e6 7.Nc3 Nbd7 8.Qb3 Qc8
9.Bf4 Be7 10.Rac1 Nb6 11.cxd5 exd5 12.Nb5 O-O 13.Nc7 Rb8 14.Nb5 Ra8 15.Ne5 Be4
16.a3 Bxg2 17.Kxg2 Nh5 18.Bd2 Qd8 19.Nc3 Nf6 20.Na4 Re8 21.Ba5 Bd6 22.Nxb6 axb6
23.Bxb6 Qb8 24.f4 Ne4 25.Rc2 Qc8 26.Rfc1 Qf5 27.Rf1 Re7 28.Rf3 Rae8 29.e3 h5
30.Re2 f6 31.Nd3 h4 32.Nf2 hxg3 33.hxg3 Kf7 34.Nxe4 Rxe4 35.Kf1 Rh8 36.Ke1 Ree8
37.Kd2 Rh1 38.Qc2 Qg4 39.Rff2 Reh8 40.Bc5 Bc7 41.Qb3 Qd7 42.e4 Ba5+ 43.Kc2 R8h3
44.f5 b6 45.e5 fxe5 46.dxe5 Ke8 47.f6 bxc5 48.e6 Qc8 49.f7+ Ke7 50.Qb7+  1-0

[Event "Alekhine Mem"]
[Site "Paris/St Petersburg FRA/RUS"]
[Date "2013.04.21"]
[Round "1"]
[White "Kramnik,V"]
[Black "Vitiugov,N"]
[Result "1-0"]
[WhiteElo "2801"]
[BlackElo "2712"]

1.Nf3 d5 2.g3 c6 3.Bg2 Bg4 4.O-O Nd7 5.d3 Ngf6 6.Qe1 e5 7.e4 dxe4 8.dxe4 Bd6
9.Nbd2 O-O 10.h3 Bh5 11.Nc4 Bc7 12.a4 Re8 13.Nh4 Nc5 14.Nf5 Ne6 15.Be3 Nf4
16.f3 Nxg2 17.Kxg2 Bg6 18.Rd1 Nd5 19.Nh4 Nxe3+ 20.Qxe3 Qe7 21.Qb3 Rab8 22.Rf2 Red8
23.Rxd8+ Bxd8 24.Rd2 Bc7 25.Rd3 Qe6 26.Qb4 b6 27.b3 a6 28.Qd2 b5 29.Rd7 bxc4
30.Rxc7 cxb3 31.Rb7 Qc8 32.Rxb3 Rxb3 33.cxb3 f6 34.Qd6 Kf7 35.g4 Ke8 36.Kg3 Qb7
37.b4 Qc8 38.a5 Kf7 39.Ng2 h5 40.Ne3 hxg4 41.hxg4 Qe6 42.Qd3 Qc8 43.Qc4+ Kf8
44.Qc5+ Kg8 45.b5 axb5 46.Qb6 Qf8 47.a6 Qb4 48.a7 Qe1+ 49.Kg2 Qd2+ 50.Kg1  1-0

[Event "Admiral Niels Juel Cup 2013"]
[Site "Koge DEN"]
[Date "2013.04.22"]
[Round "4.10"]
[White "Pedersen,NicV"]
[Black "Mohammad,Nubairshah Shaikh"]
[Result "1-0"]
[WhiteElo "2413"]
[BlackElo "2166"]

1.Nf3 d5 2.g3 Nf6 3.Bg2 c6 4.c4 dxc4 5.Qc2 Nbd7 6.Qxc4 Nb6 7.Qc2 g6 8.Nc3 Bg7
9.O-O O-O 10.d4 Bg4 11.Rd1 Qc8 12.a4 Nbd5 13.a5 Nxc3 14.bxc3 c5 15.Qb3 Be6
16.Qb2 Bd5 17.Bf4 cxd4 18.cxd4 Qc6 19.Ne5 Qa6 20.Bf1 Qe6 21.f3 Nh5 22.e4 Nxf4
23.gxf4 Bc6 24.d5 Qf6 25.dxc6 Qxf4 26.Nd3 Qg5+ 27.Qg2 Bd4+ 28.Kh1 Qxg2+ 29.Kxg2 Bxa1
30.cxb7 Rab8 31.a6 Bd4 32.Nb4 Be3 33.Rd3 Bc5 34.Nc6 f5 35.Rc3 Bd6 36.e5 Rbe8
37.exd6 exd6 38.Rb3 Kg7 39.b8=Q Rxb8 40.Rxb8  1-0

[Event "77th ch-BUL 2013"]
[Site "Bankya BUL"]
[Date "2013.04.23"]
[Round "9.3"]
[White "Petkov,V"]
[Black "Rusev,K"]
[Result "1/2-1/2"]
[WhiteElo "2566"]
[BlackElo "2532"]

1.Nf3 d5 2.g3 c6 3.Bg2 Bf5 4.O-O h6 5.c4 e6 6.cxd5 exd5 7.Nc3 Nf6 8.d3 Be7
9.e4 dxe4 10.dxe4 Qxd1 11.Rxd1 Nxe4 12.Nd4 Nxc3 13.bxc3 Bg6 14.Re1 Kf8 15.Bh3 Na6
16.Nf3 Bf6 17.Ne5 Kg8 18.Nxg6 fxg6 19.Rb1 Nc5 20.Be3 b6 21.Bxc5 bxc5 22.Re6 Kh7
23.Rb3 Rhb8 24.Rxc6 Rxb3 25.axb3 Bxc3 26.Rxc5 Bd4 27.Rc8 Rxc8 28.Bxc8 g5
29.Kg2 Kg6 30.f4 gxf4 31.gxf4 Kf6 32.Kg3 g5 33.fxg5+ hxg5 34.h3 Ke5 35.Ba6 Bc3
36.Kg4 Bd2 37.h4 gxh4 38.Kxh4 Kf4 39.Bc4 Be3 40.Kh3 Bb6  1/2-1/2

[Event "48th Capablanca Open I 2013"]
[Site "Havana CUB"]
[Date "2013.04.23"]
[Round "3.18"]
[White "Infante,B"]
[Black "Gongora Reyes,M"]
[Result "0-1"]
[WhiteElo "2177"]
[BlackElo "2428"]

1.Nf3 d5 2.g3 Nf6 3.Bg2 c6 4.O-O Bf5 5.d3 h6 6.Nbd2 e6 7.Qe1 Bh7 8.e4 Be7
9.Qe2 O-O 10.Ne5 Nbd7 11.Nxd7 Qxd7 12.Kh1 dxe4 13.dxe4 Rfd8 14.f4 Qd4 15.Nb3 Qa4
16.f5 exf5 17.exf5 Bd6 18.Bf4 Qb4 19.Bd2 Qg4 20.Qxg4 Nxg4 21.h3 Nf6 22.g4 Be5
23.c3 Bc7 24.Rae1 Bb6 25.c4 Rd7 26.Bc3 Rad8 27.Re2 Rd1 28.Rfe1 Rxe1+ 29.Rxe1 Nd7
30.Rd1 g6 31.Ba5 Kf8 32.c5 Bxa5 33.Nxa5 Ke7 34.Nxb7 Rc8 35.Nd6 Rb8 36.Re1+ Kf8
37.Bxc6 Nxc5 38.Re5 Nd3 39.Re3 Nb4 40.Ba4 gxf5 41.Nxf5 Nxa2 42.Nxh6 Rxb2
43.Kg1 Nc1 44.Rf3 Bg6 45.h4 Kg7 46.Nf5+ Bxf5 47.gxf5 Kf6 48.Bd7 Ne2+ 49.Kf1 Nd4
50.Rc3 Re2 51.Kg1 Re7 52.Rc7 Nf3+ 53.Kf2 Ne5 54.Rxa7 Rxd7 55.Ra8 Kxf5 56.Rg8 Kf4
57.h5 Rd2+  0-1

[Event "48th Capablanca Mem Premier"]
[Site "Havana CUB"]
[Date "2013.04.24"]
[Round "4.4"]
[White "Linares Napoles,O"]
[Black "Sanchez Alvarez,R"]
[Result "1-0"]
[WhiteElo "2321"]
[BlackElo "2409"]

1.Nf3 d5 2.g3 g6 3.Bg2 Bg7 4.O-O e5 5.d3 Ne7 6.e4 dxe4 7.dxe4 Qxd1 8.Rxd1 Na6
9.Be3 Be6 10.a3 c6 11.Nc3 f6 12.Rd6 Kf7 13.Rad1 Nc7 14.Na4 b6 15.Bf1 Rhb8
16.h4 h6 17.Nh2 Ke8 18.h5 gxh5 19.Be2 Bf7 20.f4 Ne6 21.Bc4 Rd8 22.Nc3 Rxd6
23.Rxd6 Nd8 24.Ba6 Ng6 25.f5 Ne7 26.Nf3 Nc8 27.Rd1 Rb8 28.Nb5 Ke7 29.Bxc8 cxb5
30.Rd7+ Ke8 31.Rc7 Kf8 32.Ba6 Ra8 33.Bxb5 a6 34.Be2 b5 35.Kf2 Be8 36.Nh4 Kg8
37.c3 Bc6 38.Kf3 Be8 39.Bd1 Bf7 40.Ng6 Kh7 41.Bc5 Bxg6 42.fxg6+ Kxg6 43.Bb3 a5
44.Ba7 Nc6 45.Bf7+ Kh7 46.Bc5 Nd8 47.Bd5 Ra6 48.Bf8  1-0

[Event "Alekhine Mem"]
[Site "Paris/St Petersburg FRA/RUS"]
[Date "2013.04.24"]
[Round "4"]
[White "Fressinet,L"]
[Black "Adams,Mi"]
[Result "1/2-1/2"]
[WhiteElo "2706"]
[BlackElo "2727"]

1.Nf3 d5 2.g3 Bg4 3.Bg2 c6 4.c4 e6 5.O-O Nf6 6.d3 Nbd7 7.cxd5 exd5 8.Nc3 Bc5
9.Qb3 Bb6 10.Na4 O-O 11.Nxb6 axb6 12.Qc2 Qe7 13.b3 Ne5 14.Be3 Bxf3 15.exf3 Qb4
16.a3 Rxa3 17.Rxa3 Qxa3 18.Bxb6 Qa6 19.Bd4 Ned7 20.f4 c5 21.Bc3 Re8 22.Bf3 Qd6
23.Rc1 b6 24.Bd2 h5 25.b4 h4 26.bxc5 bxc5 27.Be3 Rc8 28.Qb2 Qe6 29.Qe2 Re8
30.Qd1 Rc8 31.g4 Qd6 32.Bg2 Nb6 33.g5 d4 34.Bd2 Nfd5 35.Qg4 Re8 36.Bf3 Nc3
37.f5 Nbd5 38.Ra1 Qb6 39.g6 Nf6 40.gxf7+ Kxf7 41.Qg6+ Kg8 42.Bg5 Rf8 43.Bxh4 Ncd5
44.Bg3 Ne7 45.Qg5 c4 46.dxc4 Qc5 47.Re1 Rf7 48.Be5 d3 49.Qf4 Nd7 50.Bd6 Qxf5
51.Qxf5 Nxf5 52.Bb4 Nf6 53.Rd1 Rd7 54.c5 Nd4 55.Rxd3 Nxf3+ 56.Rxf3 Rd1+ 57.Kg2 Nd5
58.Ba3 Rd4 59.Kg3 Rc4 60.Rd3 Nc3 61.Rd8+ Kh7 62.Rc8 Na4 63.f3 Rc3 64.Bb4 Rc4
65.Ba3 Rc3 66.Bb4 Rc4 67.Bd2 Rxc5 68.Ra8 Nb6 69.Ra7 Nd5 70.h4 Rc7 71.Ra5 Rd7
72.Bg5 Kg6  1/2-1/2

[Event "62nd ch-BUL w 2013"]
[Site "Bankya BUL"]
[Date "2013.04.25"]
[Round "9.2"]
[White "Bednikova,S"]
[Black "Salimova,Nurgyul"]
[Result "1-0"]
[WhiteElo "2058"]
[BlackElo "1857"]

1.Nf3 d5 2.g3 c6 3.Bg2 Nf6 4.O-O Bf5 5.d3 e6 6.b3 Nbd7 7.Bb2 Be7 8.Nbd2 h6
9.c4 O-O 10.a3 a5 11.Rc1 Bc5 12.d4 Bd6 13.c5 Bb8 14.Re1 Re8 15.Ne5 Nxe5 16.dxe5 Ng4
17.e4 dxe4 18.Nc4 Qxd1 19.Rexd1 f6 20.exf6 Nxf6 21.Bxf6 gxf6 22.Rd7 Ra7 23.Rcd1 e5
24.Rd8 Kf8 25.R1d6 Bxd6 26.Rxe8+ Kxe8 27.Nxd6+ Kf8 28.Nxf5 b6 29.Bxe4 bxc5
30.Bxc6 Rc7 31.Bb5 h5 32.Kf1 Rb7 33.a4 Rb8 34.Nd6 Ke7 35.Nc4 Ra8 36.h4 Ke6
37.Ke2 Ra7 38.Ke3 f5 39.Be8 Kf6 40.Bxh5 Rh7 41.Be8 f4+ 42.Kf3 fxg3 43.fxg3 e4+
44.Kf4 Re7 45.Bc6  1-0

[Event "TCh-CZE Extraliga 2012-13"]
[Site "Czech Republic CZE"]
[Date "2013.04.26"]
[Round "9.7"]
[White "Jirovsky,M"]
[Black "Priehoda,V"]
[Result "1/2-1/2"]
[WhiteElo "2453"]
[BlackElo "2414"]

1.Nf3 d5 2.g3 Nf6 3.Bg2 Bf5 4.c4 c6 5.Qb3 Qc8 6.cxd5 cxd5 7.Nc3 e6 8.d3 Nc6
9.O-O Be7 10.Bf4 O-O 11.Rac1 Qd7 12.e4 Bg4 13.Ne5 Nxe5 14.Bxe5 dxe4 15.dxe4 Bh5
16.h3 Rfd8 17.g4 Bg6 18.Rfd1 Qe8 19.Qxb7 Nd7 20.Bd6 Bxd6 21.Rxd6 Nc5 22.Rxd8 Rxd8
23.Qxa7 Nd3 24.Rd1 Nxb2 25.Rxd8 Qxd8 26.Bf1 h5 27.Be2 hxg4 28.hxg4 Nd3 29.Bxd3 Qxd3
30.Qe3 Qc4 31.f3 f6 32.Kf2 Be8 33.Ke1 e5 34.Kd2 Bf7 35.g5 fxg5 36.Kc2 Qc7
37.a4 Be8 38.Kd2 Bxa4 39.Nxa4 Qd7+ 40.Qd3 Qxa4 41.Qd5+ Kh7 42.Qxe5 Qa2+ 43.Ke3 Qg2
44.Qf5+ Kg8 45.Qg4 Qf1 46.e5 Qe1+ 47.Kd4 Qb4+ 48.Kd5 Qb7+ 49.Kd4 Qb4+ 50.Ke3 Qe1+
51.Kd4  1/2-1/2

[Event "Admiral Niels Juel Cup 2013"]
[Site "Koge DEN"]
[Date "2013.04.26"]
[Round "9.8"]
[White "Pedersen,NicV"]
[Black "Pedersen,HaD"]
[Result "1/2-1/2"]
[WhiteElo "2413"]
[BlackElo "2174"]

1.Nf3 d5 2.g3 Nf6 3.Bg2 c6 4.c4 e6 5.d4 Bd6 6.Nc3 Nbd7 7.Qd3 O-O 8.O-O dxc4
9.Qxc4 e5 10.Be3 Ng4 11.Bg5 Be7 12.Bxe7 Qxe7 13.h3 exd4 14.Qxd4 Nge5 15.Nxe5 Qxe5
16.Rfd1 Re8 17.Ne4 Qxd4 18.Rxd4 Nb6 19.Nc5 Rb8 20.a4 Be6 21.Rb4 Re7 22.Rd1 Nd5
23.Bxd5 cxd5 24.e4 dxe4 25.Nxe6 fxe6 26.Rxe4 Rc8 27.Rf4 g6 28.Rd2 Kg7 29.Kg2 Rc5
30.Kf3 Rf5 31.g4 Re5 32.Re4 Kf6 33.h4 h6 34.b4 Rxe4 35.Kxe4 Rc7 36.f4 a5
37.Rd4 Rc1 38.bxa5 Re1+ 39.Kf3 h5 40.gxh5 gxh5 41.Re4 Rf1+ 42.Ke3 Kf5 43.Rb4 Ra1
44.Kd4 Rf1 45.Rb5+ Kxf4 46.Rxb7 e5+ 47.Kd5 Rd1+ 48.Kc4 Rc1+ 49.Kd3 e4+ 50.Kd2  1/2-1/2

[Event "Nakhchivan Open A 2013"]
[Site "Nakhchivan AZE"]
[Date "2013.04.26"]
[Round "5.8"]
[White "Pantsulaia,L"]
[Black "Landa,K"]
[Result "1-0"]
[WhiteElo "2556"]
[BlackElo "2642"]

1.Nf3 d5 2.g3 g6 3.Bg2 Bg7 4.O-O e5 5.d3 Ne7 6.e4 O-O 7.Nbd2 Nbc6 8.Re1 Re8
9.c3 a5 10.a4 h6 11.exd5 Nxd5 12.Nc4 Bf5 13.Qb3 Bxd3 14.Nfd2 Rb8 15.Ne4 Nf6
16.Nc5 e4 17.Nxd3 Qxd3 18.Be3 Qd5 19.Rad1 Qf5 20.Bf4 Ng4 21.h3 Nxf2 22.Ne3 Qc8
23.Kxf2 g5 24.Qd5 Ne7 25.Qxe4 Ng6 26.Qc4 gxf4 27.gxf4 Nh4 28.Nd5 Rxe1 29.Rxe1 Qf8
30.Qxc7 b5 31.axb5 Nxg2 32.Kxg2 Rxb5 33.Ne7+ Kh8 34.Re2 a4 35.Nc6 Bf6 36.Qd7 Kh7  1-0

[Event "Maharashtra Chess League 2013"]
[Site "Pune IND"]
[Date "2013.04.26"]
[Round "4"]
[White "Gomes,Mary"]
[Black "Pujari,R"]
[Result "1-0"]
[WhiteElo "2387"]
[BlackElo "2132"]

1.Nf3 d5 2.g3 Nf6 3.Bg2 e6 4.O-O Be7 5.b3 c5 6.Bb2 Nc6 7.e3 O-O 8.c4 b6 9.d4 Bb7
10.Ne5 Qc7 11.Nc3 Rad8 12.cxd5 Nxe5 13.dxe5 Nxd5 14.Nb5 Qb8 15.Qg4 Rd7 16.e4 Nb4
17.Nd6 Nc2 18.Rac1 Nd4 19.Nxb7 Qxb7 20.f4 Qa6 21.Rf2 g6 22.Bf1 Qb7 23.f5 h5
24.Qf4 exf5 25.exf5 gxf5 26.Bxd4 Rxd4 27.Qxf5 Qe4 28.Qxh5 Qg6 29.Qxg6+ fxg6
30.Bc4+ Kg7 31.Rcf1 Rxf2 32.Rxf2 Kh6 33.Rf7 Rd7 34.e6 Rc7 35.Kg2 Kg5 36.h4+ Kh6
37.g4 a6 38.g5+ Kh5 39.Kh3  1-0

[Event "Maharashtra Chess League 2013"]
[Site "Pune IND"]
[Date "2013.04.26"]
[Round "5"]
[White "Venkatesh,M"]
[Black "Kathmale,S"]
[Result "1-0"]
[WhiteElo "2508"]
[BlackElo "2325"]

1.Nf3 d5 2.g3 g6 3.Bg2 Bg7 4.d3 e5 5.O-O Ne7 6.Nbd2 O-O 7.e4 Nbc6 8.Re1 Re8
9.c3 h6 10.Qc2 Be6 11.b4 dxe4 12.Nxe4 Bd5 13.b5 Nb8 14.c4 Bxe4 15.dxe4 c5
16.Be3 Nd7 17.Bh3 Qc7 18.Red1 Nf8 19.Rd3 f5 20.Ra3 Ne6 21.Rd1 Rf8 22.Nh4 Ng5
23.Bg2 f4 24.Bc1 Kh7 25.Rad3 Rad8 26.Rxd8 Rxd8 27.Rxd8 Qxd8 28.gxf4 exf4
29.Bxf4 Ne6 30.Be3 Nc8 31.Nxg6 Kxg6 32.e5+ Kf7 33.Qf5+ Ke7 34.Bd5 Qd7 35.Qh7 Kd8
36.Bxe6 Qxe6 37.Qxg7 Ne7 38.Bxc5 Ng6 39.Qf6+ Qxf6 40.exf6 Ne5 41.f4 Nf7 42.Bxa7 Kd7
43.f5 Kd6 44.Bd4 Ng5 45.Kf2 h5 46.h4 Ne4+ 47.Ke3 Ng3 48.Bc5+ Kxc5 49.f7 Nxf5+
50.Kf4 Nd4 51.f8=Q+ Kxc4 52.Qc8+ Kb4 53.Qxb7 Ne6+ 54.Ke4 Nc5+ 55.Ke5  1-0

[Event "Zonal 2.4 Absoluto 2013"]
[Site "Manaus BRA"]
[Date "2013.04.27"]
[Round "1.17"]
[White "Gallo Ponce,E"]
[Black "De Oliveira Freitas,Reinier Alex"]
[Result "1-0"]
[WhiteElo "2233"]
[BlackElo "1881"]

1.Nf3 d5 2.g3 Nc6 3.c4 e6 4.Bg2 Nf6 5.O-O Bd6 6.d3 h6 7.a3 a5 8.Nc3 Ne7 9.Nb5 c6
10.Nxd6+ Qxd6 11.Bf4 Qd8 12.Qc2 Ng6 13.Qd2 O-O 14.b4 a4 15.Be3 b5 16.Qb2 Ne8
17.cxb5 cxb5 18.Bd4 f6 19.Bc5 Rf7 20.d4 Nd6 21.Bxd6 Qxd6 22.Rac1 Rc7 23.Rc5 Ba6
24.Qc2 Rac8 25.Qxg6  1-0

[Event "Zonal 2.4 Absoluto 2013"]
[Site "Manaus BRA"]
[Date "2013.04.27"]
[Round "1.12"]
[White "Pessoa,Hudson Anselmo"]
[Black "Cruz,Ri"]
[Result "0-1"]
[WhiteElo "1930"]
[BlackElo "2309"]

1.Nf3 d5 2.g3 Nf6 3.Bg2 c6 4.d3 Bg4 5.Bg5 Nbd7 6.Nbd2 e5 7.e4 h6 8.Bxf6 Qxf6
9.h3 Be6 10.Qe2 d4 11.a3 Be7 12.Nh2 g5 13.Ng4 Qg7 14.Nh2 h5 15.g4 h4 16.Nhf3 Nf8
17.Qf1 Ng6 18.Ng1 O-O 19.Ne2 c5 20.b3 b5 21.Qg1 c4 22.Qh2 cxd3 23.cxd3 Rfc8
24.Ra2 Qf8 25.O-O Bxa3 26.Rfa1 Bb4 27.Nf3 f6 28.Rxa7 Bc3 29.R1a6 Rxa7 30.Rxa7 Bxb3
31.Kh1 Bd1 32.Qg1 Bxe2 33.Qb1 Bxd3 34.Qxd3 Qc5 35.Rb7 Nf4 36.Qb1 Bb4 37.Qa2+ Qc4
38.Qa7 Bf8 39.Rh7 Qe6 40.Kh2 Rc2 41.Kg1 Qa2 42.Qxa2+ Rxa2 43.Rb7 d3 44.Rxb5 d2
45.Rb1 Ne2+  0-1

[Event "45th Italian Teams 2013"]
[Site "Bratto ITA"]
[Date "2013.04.28"]
[Round "2"]
[White "Mogranzini,R"]
[Black "Lucaroni,M"]
[Result "1/2-1/2"]
[WhiteElo "2509"]
[BlackElo "2277"]

1.Nf3 d5 2.g3 Nf6 3.Bg2 c5 4.c4 e6 5.O-O Nc6 6.b3 Be7 7.e3 O-O 8.Bb2 b6 9.Nc3 Bb7
10.cxd5 exd5 11.d4 Ne4 12.dxc5 Nxc3 13.Bxc3 bxc5 14.Qd2 Qd6 15.Qb2 Qg6 16.Rfd1 Rfd8
17.Rd2 Rd7 18.Rad1 Rad8 19.Ne1 Qh5 20.Bf3 Qh3 21.Bg2 Qh5 22.Bf3 Qf5 23.e4 dxe4
24.Rxd7 Rxd7 25.Rxd7 Qxd7 26.Bxe4 Bf8 27.Qe2 Nb4 28.Bxb7 Qxb7 29.Bxb4 cxb4
30.Nd3 g6 31.Nb2 Qd5 32.Nc4 Bc5 33.Qe8+ Kg7 34.Qe5+ Qxe5 35.Nxe5 f6 36.Nd3 Bd6
37.f3 Kf7 38.Kf2 Ke6 39.Ke3 Kd5 40.Nc1 Bc7 41.Kd3 h5 42.Ne2 Be5 43.f4 Bc7
44.Nd4 Bb6 45.Nf3 Bf2 46.Nd2 Bg1 47.Nf3 Bf2 48.Nd2 Bg1 49.h3 Bh2 50.Nf1 Bg1
51.g4 hxg4 52.hxg4 Bb6 53.Ng3 Bc7 54.Ne2 f5 55.gxf5 gxf5 56.Nd4 Bxf4 57.Nxf5 Be5
58.Ne3+ Kc5 59.Ke4 Bg7 60.Ng2 Bh6 61.Ne1 a5 62.Nd3+ Kb5 63.Nb2 Bg7 64.Nc4 a4
65.Nd6+ Ka5 66.Kd5 axb3 67.axb3 Kb6 68.Nc4+ Kb5 69.Nd6+ Kb6 70.Kc4 Bc3 71.Ne4 Be1
72.Nc5 Kc6 73.Nd3 Bc3 74.Nxb4+ Bxb4 75.Kxb4 Kb6 76.Kc4 Kc6 77.b4 Kb6 78.b5 Kb7
79.Kc5 Kc7 80.b6+ Kb7 81.Kb5 Kb8 82.Kc6 Kc8 83.b7+ Kb8  1/2-1/2

[Event "Nakhchivan Open A 2013"]
[Site "Nakhchivan AZE"]
[Date "2013.04.28"]
[Round "6.15"]
[White "Dastan,B"]
[Black "Korneev,O"]
[Result "1/2-1/2"]
[WhiteElo "2402"]
[BlackElo "2609"]

1.Nf3 d5 2.g3 c6 3.Bg2 Bg4 4.O-O Nd7 5.d3 e6 6.c4 Bc5 7.cxd5 exd5 8.Qc2 Ne7
9.e4 O-O 10.Nc3 Rc8 11.Kh1 a6 12.Nh4 Ba7 13.f4 f5 14.h3 Bh5 15.exf5 Nxf5
16.Nxf5 Rxf5 17.d4 Rf8 18.Be3 Nf6 19.Rae1 Bb8 20.Bg1 Bg6 21.Qb3 Qd7 22.g4 Rce8
23.f5 Bf7 24.Qc2 Rxe1 25.Rxe1 g6 26.Rf1 gxf5 27.Qxf5 Qxf5 28.Rxf5 Bg6 29.Rf1 Ba7
30.Re1 Re8 31.Rxe8+ Nxe8 32.Nxd5 cxd5 33.Bxd5+ Bf7 34.Bxb7 Bxa2 35.Kg2 a5
36.Bc6 Kf7 37.Kf3 Nc7 38.Ke4 Kf6 39.Bh2 Bb1+ 40.Ke3 Bb6 41.Kd2 Ke6 42.Kc3 Nd5+
43.Kc4 Ne3+ 44.Kb5 Bxd4 45.Kxa5 Bxb2 46.Kb4 Be5 47.Bg1 Nd5+ 48.Kc5 Bd6+ 49.Kc4 Ba2+
50.Kd4 Nf4 51.Be3 Be5+ 52.Ke4 Nxh3 53.g5 Bb1+ 54.Kf3 Bf5 55.Be8 Bh2 56.Bh5 Bg1
57.Bxg1 Nxg1+ 58.Kg3 Ke5 59.Kh2 Bg6 60.Bxg6 Nf3+ 61.Kg3 hxg6 62.Kxf3 Kf5
63.Kf2  1/2-1/2

[Event "Maharashtra Chess League 2013"]
[Site "Pune IND"]
[Date "2013.04.28"]
[Round "8"]
[White "Venkatesh,M"]
[Black "Grover,S"]
[Result "1-0"]
[WhiteElo "2508"]
[BlackElo "2467"]

1.Nf3 d5 2.g3 Nc6 3.Bg2 e5 4.d3 Bg4 5.Nbd2 f5 6.h3 Bh5 7.Nf1 Nf6 8.c3 Bd6
9.Nh4 Qd7 10.Bg5 Ne7 11.Bxf6 gxf6 12.g4 fxg4 13.Ng3 gxh3 14.Bxh3 Bg4 15.Bxg4 Qxg4
16.e4 Qg5 17.Qa4+ c6 18.exd5 f5 19.dxc6 bxc6 20.Nhxf5 Nxf5 21.Rh5  1-0

[Event "TCh-SUI 2013"]
[Site "Switzerland SUI"]
[Date "2013.04.28"]
[Round "2.2"]
[White "Buhmann,R"]
[Black "Stojanovic,Mih"]
[Result "1-0"]
[WhiteElo "2582"]
[BlackElo "2564"]

1.Nf3 d5 2.g3 c6 3.Bg2 Nf6 4.O-O Bf5 5.d3 h6 6.c4 dxc4 7.dxc4 Qxd1 8.Rxd1 Nbd7
9.b4 e5 10.b5 cxb5 11.cxb5 Bc2 12.Rf1 Bd6 13.Na3 Rc8 14.Nd2 b6 15.Bc6 Ba4
16.Nac4 Bb8 17.Ba3 Kd8 18.Rfc1 Nc5 19.Nb2 Rxc6 20.bxc6 Bxc6 21.Nd3 Bd5 22.Nxc5 bxc5
23.Rxc5 Kd7 24.Ra5 h5 25.Nb3 h4 26.Rd1 hxg3 27.fxg3 Ke6 28.Ra6+ Kf5 29.Rxf6+  1-0

[Event "Zonal 2.4 Absoluto 2013"]
[Site "Manaus BRA"]
[Date "2013.04.29"]
[Round "4.11"]
[White "Madeira,W"]
[Black "Baeta,M"]
[Result "1-0"]
[WhiteElo "2233"]
[BlackElo "2113"]

1.Nf3 d5 2.g3 c5 3.Bg2 Nc6 4.O-O Bf5 5.d3 Nf6 6.Nc3 e6 7.Qe1 d4 8.e4 Bg4
9.Ne2 Be7 10.h3 Bh5 11.Nf4 e5 12.Nxh5 Nxh5 13.Qe2 g5 14.Nxg5 Nxg3 15.fxg3 Bxg5
16.Qh5 Bf4 17.gxf4 Qc7 18.Qf5 Ne7 19.Qxe5 Qxe5 20.fxe5 Rg8 21.Kh2 Ng6 22.Bg5 Nxe5
23.Bf6 Nd7 24.e5 Nxf6 25.Rxf6 Rg5 26.Re1 Ke7 27.Bxb7 Rxe5 28.Rxe5+ Kxf6 29.Rxc5 Rf8
30.Be4  1-0